Migliorare il mondo è un gioco da ragazzi, anzi un concorso.

Salvato in:
Dettagli Bibliografici
Ente Autore: Comune di Roma
Natura: Libro
Lingua:inglese
Pubblicazione: Roma Comune di Roma
Tags: Aggiungi Tag
Nessun Tag, puoi essere il primo ad aggiungerne!!

MARC

LEADER 00000nam a2200000 4500
005 20240626192050.0
008 240626b |||||||| |||| 00| 0 eng d
040 |c GP 
110 |a Comune di Roma 
245 |a Migliorare il mondo è un gioco da ragazzi, anzi un concorso. 
260 |a Roma  |b Comune di Roma 
942 |2 ddc  |c BK  |n 0 
952 |0 0  |1 0  |2 ddc  |4 0  |6 780_000000000000000_GLO  |7 1  |9 1515  |a RM  |b RM  |d 2024-06-26  |l 0  |o 780 GLO  |p 244  |r 2024-06-26 19:21:29  |w 2024-06-26  |y BK 
999 |c 1333  |d 1333